MARC

LEADER 00000nam0a2200000 4500
001 34260
005 20231101210225.0
035 |a (RuTPU)RU\TPU\book\34646 
035 |a BOOK00001297 
090 |a 34260 
100 |a 20011210d1981 km y0rusy50 ca 
101 0 |a rus 
102 |a RU 
105 |a y z 000zy 
200 1 |a Основы конструирования микроэлектронной аппаратуры  |f А. П. Ненашев, Л. А. Коледов 
210 |a Москва  |c Радио и связь  |d 1981 
215 |a 303 с. 
606 1 |a Микроэлектронная аппаратура  |x Конструирование  |2 stltpush  |3 (RuTPU)RU\TPU\subj\43824  |9 63266 
610 1 |a электроника 
610 1 |a микросхемотехника 
610 1 |a микропроцессоры 
610 1 |a микроэлектронные схемы 
610 1 |a конструкции 
675 |a 621.382.049.77.001  |v 3 
700 1 |a Ненашев  |b А. П.  |g Александр Петрович 
701 1 |a Коледов  |b Л. А.  |g Леонид Александрович 
801 0 |a RU  |b 63413507  |c 20011210  |g PSBO 
801 2 |a RU  |b 63413507  |c 20210906  |g PSBO 
900 |a Электроника и микросхемотехника 
942 |c BK